000 00443nam a2200157 i 4500
001 97246
003 ES-MaACL
005 20230906182051.0
007 t|
008 050708s1969 sp ||||1| spa d
100 1 _aMarañón Baigorri, Gabriel.
_976317
245 1 4 _aLas buenas noches a tus hijos /
_cGabriel Marañón Baigorri.
260 _aMadrid :
_bStudium,
_c1969.
300 _a388 p. ;
_c20 cm.
852 _aES-MaACL
_jC-51581
_bR.72066
999 _c97246
_d97246